Short treatise on political theory and modern constitution. (Record no. 337)

MARC details
000 -LEADER
fixed length control field 00556cam a2200193ua 4500
001 - CONTROL NUMBER
control field 391
005 - DATE AND TIME OF LATEST TRANSACTION
control field 20260515113146.0
008 - FIXED-LENGTH DATA ELEMENTS--GENERAL INFORMATION
fixed length control field 110331n ii |||gr||||Z||||||eng
040 ## - CATALOGING SOURCE
Transcribing agency MAIN
082 ## - DEWEY DECIMAL CLASSIFICATION NUMBER
Classification number 320
245 11 - TITLE STATEMENT
Title Short treatise on political theory and modern constitution.
Statement of responsibility, etc. By Chittatosh Ganguli.
250 ## - EDITION STATEMENT
Edition statement 3rd.
260 ## - PUBLICATION, DISTRIBUTION, ETC.
Place of publication, distribution, etc. Calcutta.:
Name of publisher, distributor, etc. Sarojini Devi.,967.
300 ## - PHYSICAL DESCRIPTION
Extent v, 176 p.:5 cm.
653 ## - INDEX TERM--UNCONTROLLED
Uncontrolled term Political science.
653 ## - INDEX TERM--UNCONTROLLED
Uncontrolled term Short treatise on political theory and modern constitution
700 ## - ADDED ENTRY--PERSONAL NAME
Personal name Ganguli, Chittatosh.,
942 ## - ADDED ENTRY ELEMENTS (KOHA)
Koha item type Books
Holdings
Withdrawn status Lost status Damaged status Not for loan Home library Current library Shelving location Date acquired Total checkouts Full call number Barcode Date last seen Copy number Price effective from Koha item type
        Naharkatiya College Library Naharkatiya College Library General stacks 09/19/2020   320 | GAN 207 09/19/2020 2 09/19/2020 Books
        Naharkatiya College Library Naharkatiya College Library General stacks 09/19/2020   320 | GAN 208 09/19/2020 1 09/19/2020 Books